Modes and manners (Record no. 5972)

MARC details
000 -CABECERA
campo de control de longitud fija 00926nam a2200253 a 4500
001 - NÚMERO DE CONTROL
campo de control BRCA_6285
005 - FECHA Y HORA DE LA ÚLTIMA TRANSACCIÓN
campo de control 20190320205411.0
008 - DATOS DE LONGITUD FIJA--INFORMACIÓN GENERAL
campo de control de longitud fija 030811s19321935enka######---#000-0#eng-#
041 ## - CÓDIGO DE LENGUA
Código de lengua del texto/banda sonora o título independiente eng
044 ## - CÓDIGO DEL PAÍS DE LA ENTIDAD EDITORA/PRODUCTORA
Código MARC del país enk
050 #4 - SIGNATURA TOPOGRÁFICA DE LA BIBLIOTECA DEL CONGRESO
Número de clasificación GT510
Número de documento/Ítem .B64 1935
100 1# - ENTRADA PRINCIPAL--NOMBRE DE PERSONA
Nombre de persona Boehn, Max von
Fechas asociadas al nombre 1860-1932
9 (RLIN) 15763
245 10 - MENCIÓN DE TÍTULO
Título Modes and manners
Mención de responsabilidad, etc. Max Boehn; ill. with reproductions of contemporary paintings selected by Dr. Oskar Fischell; tr. by Joan Joshua.
260 ## - PUBLICACIÓN, DISTRIBUCIÓN, ETC.
Lugar de publicación, distribución, etc. Londres
Nombre del editor, distribuidor, etc. Harrap
Fecha de publicación, distribución, etc. 1932-1935
300 ## - DESCRIPCIÓN FÍSICA
Extensión 4 v.
Otras características físicas il.
Dimensiones 22 cm.
500 ## - NOTA GENERAL
Nota general Inicio de la publicación: 1932
500 ## - NOTA GENERAL
Nota general K144
501 ## - NOTA DE "CON"
Nota de “Con” Contenido: v.1. From the decline of the ancient world to the Renaissance.-- v.2. The sixteenth century.-- v.3. The seventeenth century.-- v.4. The eighteenth century.
650 14 - PUNTO DE ACCESO ADICIONAL DE MATERIA--TÉRMINO DE MATERIA
Término de materia o nombre geográfico como elemento de entrada Indumentaria
Subdivisión de forma Historia
9 (RLIN) 15764
650 14 - PUNTO DE ACCESO ADICIONAL DE MATERIA--TÉRMINO DE MATERIA
Término de materia o nombre geográfico como elemento de entrada Moda
Subdivisión de forma Historia
9 (RLIN) 15765
700 1# - PUNTO DE ACCESO ADICIONAL--NOMBRE DE PERSONA
Nombre de persona Fischel, Oskar
Término indicativo de función/relación il.
9 (RLIN) 15766
902 ## - CATALOGADOR
Iniciales GFM
942 ## - ELEMENTOS DE PUNTO DE ACCESO ADICIONAL (KOHA)
Fuente del sistema de clasificación o colocación Library of Congress Classification
Tipo de ítem Koha Libros
Holdings
Estado de retiro Estado de pérdida Estado dañado No para préstamo Localización permanente Ubicación/localización actual Fecha de adquisición Número de inventario Total de préstamos Signatura topográfica completa Código de barras Fecha visto por última vez Precio válido a partir de Tipo de ítem Koha
El ejemplar forma parte de la colección y puede ser consultado según las políticas vigentes.       Biblioteca del Museo Franz Mayer (Rogerio Casas-Alatriste) Biblioteca del Museo Franz Mayer (Rogerio Casas-Alatriste) 03/08/2011 K144   GT510 .B64 1935 (K144) 6724 22/03/2019 22/03/2019 Libros